Statistics for Top 50 Women's FIFA Country Rankings of the World

Click here to take the quiz!

General Stats

  • This quiz has been taken 369 times
  • The average score is 37 of 50

Answer Stats

Total Pts.Country% Correct
2168United States
99%
2115 Germany
97%
1982 Brazil
96%
2064 France
95%
1938Canada
94%
1991 Japan
94%
2002 Sweden
94%
2011 Australia
93%
1923Norway
93%
1914China
92%
2021 England
92%
1732Mexico
92%
1861Spain
92%
1902Netherlands
90%
1847Italy
89%
1565Portugal
89%
1762Russia
89%
1838Denmark
87%
1843South Korea
87%
1639Ireland
86%
1850Switzerland
85%
1737Belgium
84%
1636Poland
84%
1747Austria
83%
1848New Zealand
83%
1748Colombia
81%
1726Finland
80%
1778Scotland
78%
1849Iceland
77%
1592Nigeria
76%
1756Ukraine
76%
1607Wales
72%
1638Czech Republic
70%
1593Romania
69%
1566Hungary
68%
1952North Korea
66%
1529Serbia
65%
1541Slovakia
65%
1643Thailand
64%
1484Cameroon
60%
1658Costa Rica
59%
1487Ghana
56%
1451Ecuador
53%
1456Belarus
52%
1620Vietnam
45%
1590Taiwan
39%
1527Myanmar
22%
1494Trinidad and Tobago
22%
1473Papua New Guinea
15%
1540Uzbekistan
15%

Score Distribution

Percentile by Number Answered

Percent of People with Each Score

Your Score History

You have not taken this quiz